000 00591nam a22001937a 4500
005 20250403125200.0
010 _aENG-144424
020 _c350.00
035 _aEN-127956
037 _bDBAD
082 _a488
100 _aDubbrovin, M.I.
_980191
245 _aSituational Grammer/
_cM.I. Dubbrovin
250 _a11
260 _bVisalaandhra Publishing House
_c2016
_aVijaywada
270 _a33-22-2 Chandram Buildings
_bVijaywada Visakhapatnam, Ananthapuram
_e520004
_k0866-2430302
_mvphpublish@gmail.com
300 _a416p.
_c25cm (hb)
942 _2ddc
_cEN
_h488
_mDUB
999 _c210717
_d210717